Statistics for 10 Most Populated Countries

Click here to take the quiz!

General Stats

  • This quiz has been taken 21 times
  • The average score is 10 of 10

Answer Stats

PopulationAnswer% Correct
1,411,587,894China
100%
1,413,584,483India
100%
216,793,766Brazil
95%
279,582,014Indonesia
95%
128,592,167Mexico
95%
220,572,112Nigeria
95%
240,514,681Pakistan
95%
147,573,022Russia
95%
339,784,169USA
95%
173,586,093Bangladesh
89%

Score Distribution

Percentile by Number Answered

Percent of People with Each Score

Your Score History

You have not taken this quiz